[Event "VI Moncada Open"]
[Site "Santiago de Cuba CUB"]
[Date "2009.05.25"]
[Round "9"]
[White "Douriet,A"]
[Black "Garcia,Ser"]
[Result "1-0"]
[WhiteElo "2302"]
[BlackElo "2190"]

1.d4 d5 2.c4 Nc6 3.Nf3 Bg4 4.Nc3 e6 5.h3 Bh5 6.Bf4 Bb4 7.a3 Bxc3+ 8.bxc3 Nf6
9.Rb1 O-O 10.e3 dxc4 11.Bg5 Qd5 12.Bxf6 gxf6 13.Be2 Rab8 14.O-O Kh8 15.a4 a6
16.Nd2 Rg8 17.e4 Qg5 18.g3 Bxe2 19.Qxe2 b5 20.Rb2 f5 21.Kh2 f4 22.g4 e5 23.d5 Ne7
24.Rfb1 f3 25.Qxf3 Rb6 26.Qg3 Rh6 27.Nf3 Qxg4 28.Qxg4 Rxg4 29.Nxe5 Rf4 30.axb5 axb5
31.f3 Ra6 32.Rxb5 f6 33.Rb8+ Kg7 34.Rg1+ Ng6 35.Nxg6 hxg6 36.Kg3 g5 37.Rb7 f5
38.Rxc7+ Kf6 39.Rxc4 Ke5 40.Re1 Ra2 41.exf5+ Kxf5 42.Ree4 Rxe4 43.Rxe4  1-0

[Event "Subic Open"]
[Site "Subic PHI"]
[Date "2009.05.27"]
[Round "4"]
[White "Sachdev,T"]
[Black "Gonzales,Jay"]
[Result "1-0"]
[WhiteElo "2423"]
[BlackElo "2465"]

1.d4 d5 2.c4 Nc6 3.Nc3 Nf6 4.cxd5 Nxd5 5.Nf3 Bg4 6.e4 Nxc3 7.bxc3 e6 8.Rb1 Rb8
9.Be2 Bd6 10.O-O O-O 11.Be3 e5 12.Nxe5 Bxe2 13.Qxe2 Nxe5 14.dxe5 Bxe5 15.Bxa7 Ra8
16.Rxb7 Qd6 17.g3 Qc6 18.Rfb1 Qxc3 19.Qe3 Qc2 20.a3 Bd6 21.Rc1 Qa4 22.Bd4 Rfe8
23.e5 Qa5 24.Qf3 Qxa3 25.Qxa3 Bxa3 26.Rcxc7 Rad8 27.Bb6 Rxe5 28.Rc3 Bb4 29.Bxd8 Bxc3  1-0

[Event "TOP 16 Poule Basse"]
[Site "Le Port Marly FRA"]
[Date "2009.05.30"]
[Round "10"]
[White "Guichard,P"]
[Black "Acher,M"]
[Result "1/2-1/2"]
[WhiteElo "2257"]
[BlackElo "2381"]

1.d4 d5 2.c4 Nc6 3.cxd5 Qxd5 4.e3 e5 5.Nc3 Bb4 6.Bd2 Bxc3 7.bxc3 Nf6 8.c4 Qd6
9.d5 Ne7 10.Nf3 O-O 11.Be2 Ne4 12.O-O c6 13.Rb1 Nxd2 14.Qxd2 cxd5 15.Rfd1 e4
16.Nd4 dxc4 17.Bxc4 Bg4 18.Nf5 Qf6 19.Nxe7+ Qxe7 20.Qd6 Rfe8 21.Rd4 Qxd6
22.Rxd6 Rac8 23.Bd5 b6 24.h3 Bf5 25.g4 Rcd8 26.Rxd8 Rxd8 27.Bb3 Be6 28.Bxe6 fxe6
29.Rc1 b5 30.Rc6 Rd1+ 31.Kg2 Ra1 32.Rc8+ Kf7 33.Rc7+ Kf6 34.Rxa7 b4 35.Rb7  1/2-1/2

[Event "TOP 16 Poule Basse"]
[Site "Le Port Marly FRA"]
[Date "2009.05.31"]
[Round "11"]
[White "Henneteau,J"]
[Black "Soupizon,R"]
[Result "1/2-1/2"]
[WhiteElo "2075"]
[BlackElo "2032"]

1.d4 d5 2.c4 Nc6 3.Nf3 Bg4 4.cxd5 Bxf3 5.dxc6 Bxc6 6.Nc3 e6 7.e4 Bb4 8.f3 Qh4+
9.g3 Qe7 10.Be3 f5 11.e5 a6 12.a3 Ba5 13.b4 Bb6 14.Na4 Bxa4 15.Qxa4+ Qd7
16.Qxd7+ Kxd7 17.Bc4 c6 18.Ke2 Ne7 19.Rac1 Nd5 20.Bf2 Rac8 21.Rc2 Bd8 22.Rhc1 Be7
23.Be1 Rhd8 24.Rb1 Ke8 25.a4 Kf7 26.Bxd5 Rxd5 27.Bf2 Rcd8  1/2-1/2

[Event "3rd ENCI Limburg Open"]
[Site "Maastricht NED"]
[Date "2009.05.31"]
[Round "4"]
[White "Driessens,P"]
[Black "Miesen,F"]
[Result "1-0"]
[WhiteElo "2281"]
[BlackElo "2082"]

1.d4 d5 2.c4 Nc6 3.Nf3 Bg4 4.Nc3 dxc4 5.d5 Bxf3 6.exf3 Ne5 7.Bf4 Nd3+ 8.Bxd3 cxd3
9.Nb5 e5 10.Bxe5 Rc8 11.O-O f6 12.Bg3 a6 13.Re1+ Kf7 14.Qb3 axb5 15.d6+ Kg6
16.Qxd3+ Kh6 17.d7 Ra8 18.Re8 Qxe8 19.dxe8=Q Rxe8 20.Qxb5 Re3  1-0

[Event "1st SCS GM Open"]
[Site "Bhubaneswar IND"]
[Date "2009.06.08"]
[Round "3"]
[White "Sagar,S"]
[Black "Das,Arg"]
[Result "1/2-1/2"]
[WhiteElo "2271"]
[BlackElo "2424"]

1.d4 d5 2.c4 Nc6 3.cxd5 Qxd5 4.e3 e5 5.Nc3 Bb4 6.Bd2 Bxc3 7.Bxc3 exd4 8.Ne2 Nf6
9.Nxd4 O-O 10.Nb5 Qg5 11.h4 Qh6 12.Nxc7 Bg4 13.Qa4 Rac8 14.Nd5 Nxd5  1/2-1/2

[Event "XLIV Capablanca Memorial Open"]
[Site "Havana CUB"]
[Date "2009.06.09"]
[Round "2"]
[White "Diaz Ordonez,C"]
[Black "Garcia,Ser"]
[Result "1-0"]
[WhiteElo "2347"]
[BlackElo "2190"]

1.d4 d5 2.c4 Nc6 3.Nf3 Bg4 4.cxd5 Bxf3 5.dxc6 Bxc6 6.Nc3 e6 7.e3 Nf6 8.Qc2 Bd6
9.e4 Bb4 10.e5 Nd5 11.h4 Qe7 12.a3 Ba5 13.Be3 O-O-O 14.b4 Bb6 15.b5 Nxe3
16.fxe3 Bd5 17.Nxd5 Rxd5 18.Bc4 Rd7 19.Qc3 f6 20.a4 fxe5 21.a5 Bxd4 22.exd4 exd4
23.Qb3 Rd6 24.O-O-O Rf8 25.Rde1 e5 26.Re4 Rf4 27.Rhe1 Rxe4 28.Rxe4 Rh6 29.Kb1 Rxh4
30.Be6+ Kb8 31.Bh3 c5 32.Rxh4  1-0

[Event "TCh-BUL"]
[Site "Sunny Beach BUL"]
[Date "2009.06.13"]
[Round "6"]
[White "Avramov,A"]
[Black "Milchev,N"]
[Result "1/2-1/2"]
[WhiteElo "2186"]
[BlackElo "2346"]

1.d4 d5 2.c4 Nc6 3.Nc3 dxc4 4.d5 Ne5 5.Nf3 Nxf3+ 6.exf3 e5 7.Bxc4 a6 8.O-O Bd6
9.Re1 Ne7 10.f4 exf4 11.Qf3 O-O 12.Bxf4 Ng6 13.Bg3 Nh4 14.Qe4 Nf5 15.Bd3 g6
16.Bxd6 Qxd6 17.Qe5 Rd8 18.Rac1 Bd7 19.Qxd6 Nxd6 20.Ne4 Ne8 21.Nc5 Bc8 22.Be4 Rb8
23.Bf3 Kf8 24.Nb3 b6 25.Nd4 Bd7 26.Nc6 Bxc6 27.Rxc6 Rd6 28.Rc2 Rbd8 29.g3 R8d7
30.Kg2 Re7 31.Rec1 h5 32.b4 g5 33.h3 g4 34.hxg4 hxg4 35.Bxg4 Rxd5 36.Bf3 Rd4
37.a3 Rd3 38.Rc3 Rxc3 39.Rxc3 Nd6 40.Bc6 f5 41.Kf3 Kf7 42.g4 Kf6 43.Kf4 fxg4
44.Kxg4 Rg7+ 45.Kf4 Rh7 46.Kg4 Ke5 47.Rd3 Rg7+ 48.Kf3 Rf7+ 49.Ke2 Rf4 50.Rd5+ Kf6
51.Rd3 Rh4 52.Bd5 Ke5 53.Ba2 Nb5 54.a4 Nd4+ 55.Kd2 Nc6 56.Re3+ Kd6 57.Rd3+ Ke7
58.Re3+ Kd8 59.Rd3+ Ke8 60.Re3+ Kd8 61.Rd3+ Ke7 62.Re3+ Kd6 63.Rd3+ Ke5 64.Re3+ Re4
65.Rxe4+ Kxe4 66.Kc3 a5 67.bxa5 Nxa5 68.Kb4 Kf3 69.Kb5 Kxf2 70.Ka6 Ke3 71.Ka7 Kd4
72.Kb8 c6 73.Ka7 Kc5 74.Ka6 Kb4 75.Kxb6 c5 76.Bd5 c4 77.Bxc4  1/2-1/2

[Event "13th FIDE Open"]
[Site "Voronezh RUS"]
[Date "2009.06.15"]
[Round "4"]
[White "Napalkov,V"]
[Black "Tomnikova,L"]
[Result "0-1"]
[WhiteElo "2235"]
[BlackElo "1972"]

1.d4 d5 2.c4 Nc6 3.Bf4 Nf6 4.e3 Bf5 5.Nc3 e6 6.Be2 Bb4 7.Nf3 Ne4 8.Qb3 g5
9.Bg3 h5 10.a3 Bxc3+ 11.bxc3 Na5 12.Qb4 b6 13.cxd5 exd5 14.Ne5 c6 15.f3 Nxg3
16.hxg3 f6 17.g4 fxe5 18.gxf5 Qf6 19.e4 O-O-O 20.O-O-O Nb7 21.Ba6 Kb8 22.Rd2 dxe4
23.fxe4 exd4 24.Rxd4 Nc5 25.Be2 Rxd4 26.Qxd4 Nxe4 27.Rxh5 Rxh5 28.Bxh5 Qxf5
29.Bf3 Qf4+ 30.Kc2  0-1

[Event "13th FIDE Open"]
[Site "Voronezh RUS"]
[Date "2009.06.17"]
[Round "6"]
[White "Koshelev,A"]
[Black "Kozhevnikov,E"]
[Result "0-1"]
[WhiteElo "1829"]
[BlackElo "1991"]

1.d4 d5 2.c4 Nc6 3.Nf3 Bg4 4.Nc3 e6 5.cxd5 exd5 6.e3 Nf6 7.Bd3 Bb4 8.Bd2 O-O
9.O-O Qd7 10.a3 Bxc3 11.Bxc3 Ne4 12.h3 Be6 13.Bb5 f6 14.Rc1 a6 15.Bxc6 bxc6
16.Bb4 Rfb8 17.Qc2 a5 18.Be1 Rb6 19.Nd2 Nd6 20.Nb3 Bf5 21.Nc5 Qc8 22.Qc3 Nc4
23.Na4 Rb7 24.b3 Nxa3 25.Qxc6 Bd3 26.Qxd5+ Kh8 27.Nc5 Rb5 28.Qc6 Bxf1 29.Kxf1 Rb6
30.Qe4 Qe8 31.Qg4 Nb5 32.Ra1 Nd6 33.Kg1 Qc8 34.Qxc8+ Nxc8 35.Bxa5 Rb5 36.Bc3 Rxa1+
37.Bxa1 Nd6 38.Bc3 Nb7 39.b4 Nxc5 40.bxc5 Rb1+ 41.Kh2 Kg8 42.d5 Rc1 43.Bd4 Rc2
44.Kg3 Kf7 45.c6 Ke7 46.Kf3 Kd6 47.e4 Ra2 48.Be3 Ke5  0-1

[Event "2nd Marshall CC Int"]
[Site "New York USA"]
[Date "2009.06.20"]
[Round "4"]
[White "Esserman,M"]
[Black "Stripunsky,A"]
[Result "0-1"]
[WhiteElo "2391"]
[BlackElo "2556"]

1.d4 d5 2.c4 Nc6 3.cxd5 Qxd5 4.e3 e5 5.Nc3 Bb4 6.Bd2 Bxc3 7.Bxc3 exd4 8.Ne2 Nf6
9.Nxd4 O-O 10.Nxc6 Qxc6 11.Qf3 Qxf3 12.gxf3 Nd5 13.Bd2 c5 14.O-O-O Be6 15.Rg1 Rfd8
16.a3 f6 17.f4 Rac8 18.Bg2 b6 19.f5 Bf7 20.f4 Bh5 21.Rde1 Nb4 22.Bf1 Nd3+
23.Bxd3 Rxd3 24.Rg2 Rcd8 25.e4 Kf8 26.e5 Bf3 27.Rf2 Bg4 28.Bc3 Kf7 29.Rd2 Rxd2
30.Bxd2 Bxf5 31.Bc3 Bg4 32.Kc2 h5 33.Rg1 Bf5+ 34.Kc1 Rd3 35.Rg3 Rxg3 36.hxg3 g5
37.Kd2 gxf4 38.gxf4 h4 39.Ke3 h3 40.Kf2 fxe5 41.Bxe5 c4 42.Bb8 a6 43.Ba7 b5
44.Kf3 Ke6 45.Bd4 Kd5 46.Bb6 Bd7 47.Be3 c3 48.bxc3 Kc4  0-1

[Event "Open"]
[Site "Albena BUL"]
[Date "2009.06.22"]
[Round "3"]
[White "Vassiliev,G"]
[Black "Chatalbashev,B"]
[Result "0-1"]
[WhiteElo "2163"]
[BlackElo "2571"]

1.d4 d5 2.c4 Nc6 3.Nc3 dxc4 4.e3 e5 5.d5 Nce7 6.Bxc4 Nf6 7.Nge2 Ng6 8.O-O Bd6
9.Ng3 O-O 10.Qc2 a6 11.a4 Re8 12.Nce4 Nxe4 13.Nxe4 Bf8 14.Qb3 Qd7 15.Bd2 Nh4
16.Rac1 Nxg2 17.Kxg2 Qh3+ 18.Kg1 Qf3 19.Be2 Qxe4 20.f3 Qg6+ 21.Kh1 Bd6 22.Rg1 Qh6
23.Rc2 f5 24.e4 f4 25.Bb4 Re7 26.Qa3 Bh3 27.Bxd6 cxd6 28.Qb4 Rf8 29.Qb6 g5
30.Rc7 Rxc7 31.Qxc7 g4 32.Qe7 Kh8 33.Qe6 Qxe6 34.dxe6 gxf3 35.Bxf3 Bxe6 36.Rd1 Rd8
37.a5 Kg7 38.Rc1 Rc8 39.Rxc8 Bxc8 40.Bd1 Kf6 41.Kg2 Be6 42.Kf3 Ke7 43.b4 Kd7
44.Kf2 Kc6 45.Be2 d5 46.Bd3 h6 47.Kf3  0-1

[Event "Oceania Zonal"]
[Site "Gold Coast AUS"]
[Date "2009.06.22"]
[Round "5"]
[White "Feldman,V"]
[Black "Fitzpatrick,A"]
[Result "1-0"]
[WhiteElo "2298"]
[BlackElo "2022"]

1.d4 d5 2.c4 Nc6 3.Nf3 Bg4 4.Nc3 e6 5.cxd5 exd5 6.Bf4 Bb4 7.e3 Bxc3+ 8.bxc3 Nce7
9.Qb3 Bxf3 10.gxf3 b6 11.Bd3 Nf6 12.Be5 Ng6 13.Bxf6 Qxf6 14.Qxd5 O-O 15.h4 Rfe8
16.Qf5 Qc6 17.Rc1 Rad8 18.Bb5 Qe6 19.Qxe6 Rxe6 20.Kf1 Rf6 21.h5 Ne7 22.f4 Rf5
23.Be2 Ra5 24.Rc2 h6 25.Bf3 Nd5 26.Kg2 Rd6 27.Kg3 Kf8 28.e4 Ne7 29.f5 c5
30.Rd1 g6 31.fxg6 fxg6 32.e5 Nf5+ 33.Kf4  1-0

[Event "Brama Lubawska"]
[Site "Lubawka POL"]
[Date "2009.07.02"]
[Round "5"]
[White "Hajnrych,J"]
[Black "Walas,A"]
[Result "1/2-1/2"]
[WhiteElo "1984"]
[BlackElo "1862"]

1.d4 d5 2.c4 Nc6 3.Nf3 Bg4 4.cxd5 Bxf3 5.gxf3 Qxd5 6.e3 e5 7.Nc3 Bb4 8.Bd2 Bxc3
9.bxc3 Qd6 10.Qb3 Nge7 11.Bd3 Rd8 12.Rd1 b6 13.Bc1 exd4 14.cxd4 Qb4+ 15.Qxb4 Nxb4
16.Bb1 a5 17.a3 Nbd5 18.Bd2 Nf6 19.Bc3 Ned5 20.Bd2 Ne7 21.Rc1 c6 22.Rg1 O-O
23.Ke2 Rfe8 24.Be4 Nxe4 25.fxe4 f5 26.e5 f4 27.Rb1 fxe3 28.fxe3 b5 29.Bxa5 Ra8
30.Bb4 Nd5 31.Rgc1 Nxb4 32.Rxb4 Rxa3 33.Rxc6 Ra2+ 34.Kd3 Rxh2 35.Rxb5 h5
36.e6 h4 37.d5 Rh1 38.d6 Rxe6 39.d7 Rd1+ 40.Ke2 Rxc6 41.Kxd1 Rd6+ 42.Ke2 Rxd7
43.Rh5 Kf7  1/2-1/2

[Event "8th Open"]
[Site "La Fere FRA"]
[Date "2009.07.06"]
[Round "3"]
[White "Legrand,J"]
[Black "Guille,N"]
[Result "1/2-1/2"]
[WhiteElo "1530"]
[BlackElo "1782"]

1.d4 d5 2.c4 Nc6 3.cxd5 Qxd5 4.e3 e5 5.Nc3 Bb4 6.Bd2 Bxc3 7.Bxc3 exd4 8.Nf3 Bg4
9.Be2 Nf6 10.Bxd4 Nxd4 11.Qxd4 Bxf3 12.Bxf3 Qxd4 13.exd4 O-O-O 14.O-O-O Nd5
15.Rhe1 Rd6 16.Re5 Rhd8 17.Bg4+ Kb8 18.Bf3 f6 19.Rxd5 Rxd5 20.Bxd5 Rxd5 21.Rd2 c6
22.Kc2 Kc7 23.Rd3 Kd6 24.b4 a5 25.a3 b6 26.Kc3 axb4+ 27.axb4 h5 28.g3 g5
29.h3 g4 30.hxg4 hxg4 31.f4 gxf3 32.Rxf3 Ke6 33.g4 Rd8 34.Rf5 Rg8 35.Rf4 b5
36.Kd3 Ra8 37.Kc2 Ra2+ 38.Kc3 Rg2 39.Kb3 Kf7 40.Kc3 Kg6 41.Kd3 Rg3+ 42.Kc2 Kg5
43.Rf5+ Kg6 44.Rf4 Rh3 45.Kd2 Rb3 46.d5 cxd5 47.Rd4 Rb2+ 48.Ke3 Kf7 49.Rxd5 Rxb4
50.g5 fxg5 51.Rxg5 Kf6 52.Rc5 Ke6 53.Kd2 Kd6 54.Rh5 Kc6 55.Kc3 Rc4+ 56.Kb3 Rd4
57.Kc3 Rc4+ 58.Kb3 Kb6 59.Rg5 Ka5 60.Rg1 Kb6 61.Rg5  1/2-1/2

[Event "19th Heart of Finland Open"]
[Site "Jyvaskyla FIN"]
[Date "2009.07.08"]
[Round "3"]
[White "Savola,L"]
[Black "Franssila,T"]
[Result "1/2-1/2"]
[WhiteElo "2052"]
[BlackElo "2266"]

1.d4 d5 2.c4 Nc6 3.cxd5 Qxd5 4.Nf3 e5 5.Nc3 Bb4 6.Bd2 Bxc3 7.Bxc3 e4 8.Ne5 Nxe5
9.dxe5 Qxd1+ 10.Rxd1 Be6 11.e3 Ne7 12.a3 Nd5 13.Bd4 O-O 14.Bb5 Rfc8 15.Rc1 c5
16.Bc3 Nxc3 17.Rxc3 c4 18.Ke2 a6 19.Ba4 Rc5 20.Rd1 b5 21.Bc2 Rxe5 22.Rd4 f5
23.b3 Kf7 24.f3 exf3+ 25.gxf3 Ke7 26.bxc4 Bxc4+ 27.Bd3 Bxd3+ 28.Rcxd3 Ra7
29.f4 Rc5 30.Kf3 Rcc7 31.Rb4 Rc4 32.Rxc4 bxc4 33.Rd4 Rc7 34.Ke2 c3 35.Kd1 c2+
36.Kc1 Rc3 37.Ra4 Rc6 38.Rd4 Kf7 39.a4 Ke6 40.Rb4 h6 41.h4 Kf7 42.h5 g6 43.Rb7+ Ke8
44.hxg6 Rxg6 45.Kxc2 Re6 46.Kd3 Kf8 47.a5 Kg8 48.Rb8+ Kg7 49.Rb7+ Kg8 50.Rb6  1/2-1/2

[Event "Diputacion Foral de Gipuzkoa"]
[Site "Donostia ESP"]
[Date "2009.07.09"]
[Round "3"]
[White "Sachdev,T"]
[Black "Karlovich,A"]
[Result "1-0"]
[WhiteElo "2410"]
[BlackElo "2211"]

1.d4 d5 2.c4 Nc6 3.Nc3 dxc4 4.Nf3 Nf6 5.d5 Na5 6.Qa4+ c6 7.b4 b5 8.Qxa5 Qxa5
9.bxa5 b4 10.Nd1 cxd5 11.Bf4 e6 12.g3 Bc5 13.Bg2 Bd7 14.O-O Ke7 15.Rb1 Ne4
16.Ne5 g5 17.Be3 Bxe3 18.fxe3 Nd6 19.Rxb4 Rab8 20.Rxb8 Rxb8 21.Nc3 Rb2 22.Rc1 Nb5
23.Nxd7 Kxd7 24.e4 Nxc3 25.Rxc3 dxe4 26.Bxe4 f5 27.Bc2 Rxa2 28.Rxc4 Rxa5
29.Kf2 Kd6 30.Rb4 Rc5 31.Bb3 Rc7 32.Rb8 Re7 33.Rg8 g4 34.Ke3 Ke5 35.Rb8 Rc7
36.Rb5+ Kf6 37.Kd4 h5 38.Rb8 e5+ 39.Kd3 Rd7+ 40.Ke3 Rc7 41.Kf2 f4 42.Rh8 Kg5
43.Ba4 f3 44.exf3 gxf3 45.Kxf3 Rc3+ 46.Kg2 Rc4 47.h4+ Kf5 48.Rxh5+ Ke4 49.Bd1 a5
50.Rh7 Rc1 51.Ba4 Rc4 52.Be8 Ke3 53.h5 Rc8 54.Re7 Kd4 55.h6 Rc2+ 56.Kh3 Rc1
57.Kg4 Rh1 58.h7 e4 59.Bh5  1-0

[Event "XXXII Open"]
[Site "Barbera ESP"]
[Date "2009.07.10"]
[Round "7"]
[White "Avila Jimenez,J"]
[Black "Fabre Massana,M"]
[Result "0-1"]
[WhiteElo "2212"]
[BlackElo "2151"]

1.d4 d5 2.c4 Nc6 3.cxd5 Qxd5 4.e3 e5 5.Nc3 Bb4 6.Bd2 Bxc3 7.Bxc3 exd4 8.Ne2 Nf6
9.Nxd4 Bd7 10.Nb5 Qxd1+ 11.Rxd1 O-O-O 12.Bc4 a6 13.Na3 Ne4 14.Bd4 Nxd4 15.Rxd4 Nd6
16.Bd5 f6 17.O-O Nb5 18.Nxb5 Bxb5 19.Rfd1 Rd6 20.Be4 Rxd4 21.Rxd4 c5 22.Rd5 b6
23.f4 Kc7 24.Bf5 g6 25.Bb1 Bc6 26.Rd2 Re8 27.Kf2 b5 28.g4 c4 29.h4 Be4 30.Bxe4 Rxe4
31.Kf3 Re7 32.h5 Kc6 33.Rd8 gxh5 34.gxh5 b4 35.h6 f5 36.Ra8 Kb7 37.Rf8 c3
38.bxc3 bxc3 39.Ke2 Rd7 40.Rxf5 Kb6 41.Rh5 Rd2+ 42.Kf3 c2  0-1

[Event "XXXII Open"]
[Site "Barbera ESP"]
[Date "2009.07.11"]
[Round "8"]
[White "Moskalenko,V1"]
[Black "Perez Mitjans,O"]
[Result "1-0"]
[WhiteElo "2558"]
[BlackElo "2404"]

1.d4 d5 2.c4 Nc6 3.Nc3 dxc4 4.Nf3 Nf6 5.Bg5 a6 6.d5 Na7 7.e4 Nb5 8.Qc2 Nxc3
9.bxc3 h6 10.Bh4 b5 11.Nd4 c5 12.Nc6 Qd7 13.Be2 Bb7 14.O-O Bxc6 15.dxc6 Qxc6
16.a4 g5 17.e5 Nd5 18.axb5 axb5 19.Rxa8+ Qxa8 20.e6 fxe6 21.Qg6+ Kd7 22.Bg3 h5
23.Be5 Rh6 24.Qxg5 h4 25.Rd1 h3 26.Bf3 hxg2 27.h4 b4 28.cxb4 cxb4 29.Qg4 Ke8
30.Qxc4 b3 31.Qb5+ Kd8 32.Bxd5 exd5 33.Rxd5+ Rd6 34.Bxd6  1-0

[Event "32nd Aegean Open"]
[Site "Aghios Kirykos GRE"]
[Date "2009.07.12"]
[Round "2"]
[White "Lahiri,A"]
[Black "Rej,D"]
[Result "1-0"]
[WhiteElo "2361"]
[BlackElo "2179"]

1.d4 d5 2.c4 Nc6 3.Nc3 dxc4 4.Nf3 Bg4 5.d5 Na5 6.Ne5 Bd7 7.e4 Nf6 8.Nxc4 Nxc4
9.Bxc4 e5 10.dxe6 Bxe6 11.Qb3 Bxc4 12.Qxc4 c6 13.O-O Be7 14.e5 Nd7 15.Rd1 Qa5
16.e6 Ne5 17.exf7+ Nxf7 18.Bf4 Qb4 19.Qxb4 Bxb4 20.Re1+ Kf8 21.Re4 Bxc3 22.bxc3 Re8
23.Rb4 Re7 24.a4 b6 25.a5 b5 26.a6 Ke8 27.c4 Re4 28.Be3 Nd6 29.Bxa7 Rxc4
30.Bb8 Rxb4 31.Bxd6 Kd7 32.Bxb4  1-0

[Event "ch-SCO"]
[Site "Edinburgh SCO"]
[Date "2009.07.12"]
[Round "2"]
[White "Markos,J"]
[Black "Lyell,M"]
[Result "1-0"]
[WhiteElo "2555"]
[BlackElo "2288"]

1.d4 d5 2.c4 Nc6 3.Nc3 dxc4 4.Nf3 Nf6 5.Bg5 a6 6.d5 Na7 7.e4 Nb5 8.Bxc4 Nxc3
9.bxc3 Nxe4 10.O-O Bg4 11.Bf4 Nd6 12.Bb3 Bxf3 13.Qxf3 g6 14.Rfe1 Bg7 15.Bg5 f6
16.Bf4 O-O 17.Re6 Qd7 18.Rae1 Rae8 19.h4 Kh8 20.h5 gxh5 21.Qxh5 f5 22.R1e3 Rf6
23.Rh3 Kg8 24.Qxh7+ Kf7 25.Rg3 Rg8 26.Bh6 Ne8 27.Rxf6+  1-0

[Event "32nd Aegean Open"]
[Site "Aghios Kirykos GRE"]
[Date "2009.07.14"]
[Round "4"]
[White "Lahiri,A"]
[Black "Vorobiov,E"]
[Result "1/2-1/2"]
[WhiteElo "2361"]
[BlackElo "2598"]

1.d4 d5 2.c4 Nc6 3.Nc3 dxc4 4.Nf3 Nf6 5.Bg5 h6 6.Bxf6 exf6 7.e3 Bd6 8.Bxc4 O-O
9.O-O f5 10.a3 a6 11.b4 Bd7 12.Qc2 Qf6 13.Rac1 Rae8 14.Rfd1 g5 15.e4 fxe4
16.Nxe4 Qg6 17.Bd3 Bf5 18.Nxd6 Bxd3 19.Qxd3 Qxd3 20.Rxd3 cxd6 21.d5 Ne5 22.Nxe5 Rxe5
23.f4  1/2-1/2

[Event "12th Open"]
[Site "Malaga ESP"]
[Date "2009.07.15"]
[Round "6"]
[White "Terron Elena,F"]
[Black "Guerreiro,N"]
[Result "0-1"]
[WhiteElo "2282"]
[BlackElo "2095"]

1.d4 d5 2.c4 Nc6 3.Nc3 Nf6 4.cxd5 Nxd5 5.e4 Nxc3 6.bxc3 e5 7.d5 Nb8 8.Nf3 Bd6
9.Bg5 f6 10.Be3 O-O 11.Bd3 Nd7 12.h3 Qe7 13.Bc2 Kh8 14.O-O Rg8 15.Nd2 Nb6
16.a4 g6 17.a5 Nd7 18.Nc4 Bc5 19.Qd2 Bxe3 20.Qxe3 Qg7 21.Qg3 Qf8 22.Kh1 g5
23.Qe3 Qc5 24.Rfd1 Qxc4 25.d6 c6 26.Rab1 Qc5 27.Qe2 Nf8 28.Bb3 Rg7 29.Qh5 Bd7
30.Qf3 Ng6 31.g4 Nf4 32.Kh2 Rd8 33.Qe3 Qxe3 34.fxe3 Ne6 35.Bc4 Nc5 36.Rf1 Rf8
37.Kg2 Be6 38.Rb4 Rd7 39.Rfb1 Rb8 40.Bxe6 Nxe6 41.Rd1 Kg7 42.Kf3 Kf7 43.c4 Nc5  0-1

[Event "32nd Aegean Open"]
[Site "Aghios Kirykos GRE"]
[Date "2009.07.16"]
[Round "6"]
[White "De Haan,E"]
[Black "Vorobiov,E"]
[Result "0-1"]
[WhiteElo "2349"]
[BlackElo "2598"]

1.d4 d5 2.c4 Nc6 3.Nc3 dxc4 4.Nf3 Nf6 5.Bg5 Nd5 6.e4 Nxc3 7.bxc3 Na5 8.Ne5 f6
9.Qh5+ g6 10.Nxg6 hxg6 11.Qxg6+ Kd7 12.Bf4 b6 13.Be2 Kc6 14.d5+ Kb7 15.Bf3 Ka6
16.e5 fxe5 17.Bxe5 Rh6 18.Qg3 Bb7 19.Bxc7 Qd7 20.Rd1 Qf5 21.h4 e6 22.h5 Bxd5
23.Bf4 Rf6 24.Rh4 Bh6 25.Be5 Bxf3 26.gxf3 Rff8 27.Rd7 Rad8 28.Rhd4 Rg8 29.Rxd8 Rxg3
30.fxg3 Nc6  0-1

[Event "ch-SCO"]
[Site "Edinburgh SCO"]
[Date "2009.07.16"]
[Round "6"]
[White "Foord,D"]
[Black "Lyell,M"]
[Result "1-0"]
[WhiteElo "2069"]
[BlackElo "2288"]

1.d4 d5 2.c4 Nc6 3.cxd5 Qxd5 4.e3 e5 5.Nc3 Bb4 6.Bd2 Bxc3 7.bxc3 Nf6 8.f3 O-O
9.Ne2 b6 10.e4 Qd7 11.d5 Ne7 12.Ng3 Ne8 13.c4 f5 14.exf5 Nxf5 15.Bd3 Ned6
16.Nxf5 Nxf5 17.O-O Qd6 18.Qe1 Ba6 19.Kh1 c5 20.Qe4 g6 21.Rae1 Rae8 22.f4 exf4
23.Qxe8 Rxe8 24.Rxe8+ Kf7 25.Re6 Qd8 26.Rxf4 Kg8 27.Rfe4 Nd6 28.Re1 Bc8 29.Re7 Qf8
30.Bc3 Qf2 31.Rg7+ Kf8 32.Rf1 Ne4 33.Rxf2+ Nxf2+ 34.Kg1 Nxd3 35.Rxa7 Bf5
36.d6 Ke8 37.Rxh7 Nf4 38.Kf2 Kd8 39.Bf6+ Kc8 40.Rc7+ Kb8 41.d7 Ne6 42.Rc8+  1-0

[Event "4th Summer Cup"]
[Site "Porto Carras GRE"]
[Date "2009.07.19"]
[Round "3"]
[White "Rabinovich,An"]
[Black "Karlovich,A"]
[Result "1/2-1/2"]
[WhiteElo "1974"]
[BlackElo "2211"]

1.d4 d5 2.c4 Nc6 3.e3 dxc4 4.Bxc4 Nf6 5.Qb3 e6 6.Nc3 Bd7 7.Be2 Bd6 8.Bd2 O-O
9.Nf3 e5 10.dxe5 Nxe5 11.Nb5 Ne4 12.Nxd6 Nxf3+ 13.Bxf3 Nxd2 14.Kxd2 Be6 15.Qd3 cxd6
16.Rhd1 Qh4 17.g3 Qf6 18.Ke2 Qxb2+ 19.Kf1 Rac8 20.Kg1 Bxa2 21.Be4 g6 22.h4 d5
23.Bxd5 Bxd5 24.Qxd5 Rc2 25.Qf3 Rc5 26.Rxa7 Rf5 27.Qg2 b5 28.Raa1 h5 29.Rab1 Qf6
30.Qf1 Rb8 31.Rd4 Qc6 32.Rdb4 Rc5 33.Qd1 Rc2 34.Qf1 Kh7 35.Qd1 Rc5 36.Qf1 Rb7
37.Qd1 Rd7 38.Qf1 Rdd5 39.Rf4 Rf5 40.Rxf5 Rxf5 41.Qe2 Rc5 42.Rd1 b4 43.Qb2 Rc4
44.Qb3 Qe6 45.Kg2 Kg7 46.Qb2+ Qf6 47.Qxf6+ Kxf6 48.Rd6+ Ke5 49.Rb6 Kd5 50.Kf3 Kc5
51.Rb7 f5 52.Rb8 Re4 53.Ke2 Kc4 54.Rc8+ Kb3 55.Rc6 Rc4 56.Rxg6 Kc2 57.Rg5 Rc5
58.Rxh5 b3 59.Rh8 Rb5 60.Rc8+ Kb1  1/2-1/2

[Event "Hanowa Generations"]
[Site "Biel SUI"]
[Date "2009.07.20"]
[Round "1"]
[White "Rosenthal,Jon"]
[Black "Bhend,E"]
[Result "1-0"]
[WhiteElo "2262"]
[BlackElo "2205"]

1.d4 d5 2.c4 Nc6 3.Nc3 dxc4 4.Nf3 Bg4 5.d5 Bxf3 6.exf3 Ne5 7.Bf4 Ng6 8.Bxc4 a6
9.Qa4+ c6 10.dxc6 b5 11.c7 bxa4 12.cxd8=Q+ Rxd8 13.Be3 e6 14.Bxa6 Bb4 15.Bb5+ Ke7
16.Bxa4 Nf6 17.Ke2 Rb8 18.Bb3 Nd7 19.Rhc1 Rb7 20.Rc2 h6 21.Ne4 Ra8 22.Rac1 Nh4
23.Rc7 Rxc7 24.Rxc7 Kd8 25.Rc4 Be7 26.Ba4 Nf5 27.Bxd7 Kxd7 28.Nc3 Bf6 29.a3 Nd6
30.Rb4 Bxc3 31.bxc3 Rxa3 32.Kd3 Ra8 33.c4 Ra3+ 34.Kc2 Kc6 35.Kb2 Rd3 36.g4 Rd1
37.Ra4 e5 38.Kc3 Rb1 39.Ra6+ Kc7 40.c5 Nc8 41.Kc4 Rd1 42.f4 Kb7 43.Ra3 exf4
44.Bxf4 Ne7 45.Rb3+ Kc8 46.Rb8+ Kd7 47.Rb7+ Kd8 48.Bd6 Ng6 49.Kb5  1-0

[Event "TCh Eur-Youth U18"]
[Site "Pardubice CZE"]
[Date "2009.07.20"]
[Round "5"]
[White "Orekhov,N"]
[Black "Topak,E"]
[Result "0-1"]
[WhiteElo "1790"]
[BlackElo "2005"]

1.d4 d5 2.c4 Nc6 3.Nf3 Nf6 4.Nc3 e6 5.Bg5 Be7 6.e3 O-O 7.Bd3 b6 8.O-O Nb4
9.Be2 dxc4 10.Bxc4 Bb7 11.a3 Nbd5 12.Bd3 c5 13.Nxd5 Qxd5 14.e4 Qd8 15.e5 Nd5
16.Bxe7 Qxe7 17.g3 cxd4 18.Nxd4 Qg5 19.f4 Qe7 20.Nc2 Qc5+ 21.Rf2 Rad8 22.Qe2 Nxf4
23.gxf4 Qd5 24.Bxh7+ Kxh7 25.Rg2 Qxg2+  0-1

[Event "Synthesia Rapid Open"]
[Site "Pardubice CZE"]
[Date "2009.07.22"]
[Round "3"]
[White "Babula,V"]
[Black "Biolek,R2"]
[Result "1/2-1/2"]
[WhiteElo "2566"]
[BlackElo "2433"]

1.d4 d5 2.c4 Nc6 3.Nc3 dxc4 4.d5 Ne5 5.Nf3 Nxf3+ 6.exf3 e5 7.Bxc4 Bd6 8.O-O Ne7
9.f4 exf4 10.Qf3 O-O 11.Bxf4 Bxf4 12.Qxf4 Ng6 13.Qg3 a6 14.Rfe1 Bf5 15.Rad1 Qd6
16.Qg5 Bd7 17.Ne4 Qb4 18.Bb3 Rae8 19.f3 Re5 20.Qd2 Qb6+ 21.Qf2 Rfe8 22.d6 Qxf2+
23.Kxf2 c6 24.g3 Kf8 25.Rc1 b6 26.Nd2 Rxe1 27.Rxe1 Ne5 28.Re3 Bf5 29.Ke2 Nd7
30.g4 Be6 31.Bxe6 Rxe6 32.f4 Nf6 33.Rxe6 fxe6 34.Nc4 Nxg4 35.Nxb6 Nxh2 36.Na4 Ng4
37.Nc5 Ke8 38.Nxa6 Kd7 39.Nc7 Nf6 40.b4 Kxd6 41.Na6 Nd5 42.Kf3 h5 43.a3 h4
44.Kg4 h3 45.Kxh3 Nxf4+ 46.Kg4 Ne2 47.Nc5 Nd4 48.Kg5 Nc2 49.Kg6 Nxa3 50.Kxg7 Nc2
51.Kf6 Nd4 52.Nd3 Kd5 53.Nc5 Kc4 54.Ke5 Kxb4 55.Nb7 c5 56.Ke4 Nb5 57.Nd8 Nc7
58.Nc6+ Kb5 59.Ne5 Nd5 60.Kd3 Nb4+ 61.Kc3 Nc6 62.Nd3 e5 63.Nb2 Na5 64.Nd3 e4
65.Nf4 Nc6 66.Nd5 Na5 67.Ne3  1/2-1/2

[Event "ch-Africa"]
[Site "Tripoli LBA"]
[Date "2009.07.23"]
[Round "3"]
[White "Simutowe,A"]
[Black "Kobese,W"]
[Result "1/2-1/2"]
[WhiteElo "2481"]
[BlackElo "2391"]

1.d4 d5 2.c4 Nc6 3.cxd5 Qxd5 4.Nf3 e5 5.Nc3 Bb4 6.a3 Bxc3+ 7.bxc3 e4 8.Nd2 e3
9.fxe3 Nf6 10.e4 Nxe4 11.Nxe4 Qxe4 12.Qd3 Bf5 13.Qxe4+ Bxe4 14.Kf2 O-O-O
15.Bf4 Rd5 16.e3 g5 17.Bg3 h5 18.h4 f6 19.Bc4 Rf5+ 20.Ke2 Kd7 21.Rhf1 Ne7
22.Bd3 Bxd3+ 23.Kxd3 Rg8 24.e4 Rxf1 25.Rxf1 gxh4 26.Bxh4 Rxg2 27.Bxf6 Ng6
28.Rh1 Rg4 29.d5 h4 30.Kd4  1/2-1/2

[Event "Hanowa Generations"]
[Site "Biel SUI"]
[Date "2009.07.24"]
[Round "5"]
[White "Schiendorfer,E"]
[Black "Bhend,E"]
[Result "0-1"]
[WhiteElo "2321"]
[BlackElo "2205"]

1.d4 d5 2.c4 Nc6 3.Nc3 dxc4 4.d5 Ne5 5.f4 Nd7 6.e4 Nb6 7.a4 a5 8.Be3 e6 9.Bxb6 cxb6
10.Bxc4 Bc5 11.Bb5+ Kf8 12.Nf3 exd5 13.Qd3 Ne7 14.Nxd5 Be6 15.Rd1 Bxd5 16.exd5 Qd6
17.g3 Rd8 18.Bc4 g6 19.Nh4 Qf6 20.Kf1 Qxb2 21.Rd2 Qf6 22.Kg2 Kg7 23.Qf3 Nc8
24.Re2 Nd6 25.Bd3 Rhe8 26.Rhe1 Rxe2+ 27.Rxe2 Re8 28.Rxe8 Nxe8 29.Qe2 Qe7
30.Qxe7 Bxe7 31.Nf3 Bc5 32.Nd2 Nf6 33.Bc4 Bb4 34.Nf1 Kf8 35.Kf3 Ne8 36.Ne3 Bc5
37.Nf1 Nd6 38.Bd3 b5 39.axb5 a4 40.Nd2 a3 41.Nb3 a2 42.g4 Bd4 43.h4 a1=Q
44.Nxa1 Bxa1 45.h5 gxh5 46.gxh5 h6 47.Ke3 Ke7 48.Kd2 Ne8 49.Be4 Kd6 50.Kd3 Kc5  0-1